All Incorporated Municipalities of Sullivan County, New York - Statistics

General Stats
  • This quiz has been taken 8 times
  • The average score is 8 of 21
Answer Stats
Answer % Correct
Monticello
83%
Bethel
67%
Liberty
67%
Liberty
67%
Thompson
67%
Jeffersonville
50%
Neversink
50%
Callicoon
33%
Cochecton
33%
Fallsburg
33%
Fremont
33%
Highland
33%
Lumberland
33%
Mamakating
33%
Tusten
33%
Bloomingburg
17%
Delaware
17%
Forestburgh
17%
Rockland
17%
Woodridge
17%
Wurtsboro
17%
No matching quizzes found
Score Distribution
Percent of People with Each Score
Percentile by Number Answered
Your Score History
You have not taken this quiz